Lord of the flies : (Record no. 10445)
[ view plain ]
| 000 -LEADER | |
|---|---|
| fixed length control field | 00653nam a22002417a 4500 |
| 001 - CONTROL NUMBER | |
| JCCL Control Number | 10445 |
| 003 - CONTROL NUMBER IDENTIFIER | |
| JCCL marc code | BD-JhCC |
| 005 - DATE AND TIME OF LATEST TRANSACTION | |
| control field | 20180426200948.0 |
| 008 - FIXED-LENGTH DATA ELEMENTS--GENERAL INFORMATION | |
| fixed length control field | 180426s1971 us |||| |||| 000 0 eng d |
| 020 ## - INTERNATIONAL STANDARD BOOK NUMBER | |
| International Standard Book Number | 822007541 |
| 035 ## - SYSTEM CONTROL NUMBER | |
| system control number | (BD-JhCC)10445 |
| 040 ## - CATALOGING SOURCE | |
| Original cataloging agency | BD-JhCC |
| Modifying agency | BD-JhCC |
| 041 ## - LANGUAGE CODE | |
| Language code of Book | eng |
| 082 ## - DEWEY DECIMAL CLASSIFICATION NUMBER | |
| Classification number | 823 |
| Author mark and Year | CAL 1971 |
| 100 ## - MAIN ENTRY--PERSONAL NAME | |
| Personal name | Calandra, Denis |
| 245 ## - TITLE STATEMENT | |
| Title | Lord of the flies : |
| Remainder of title | notes / |
| Statement of responsibility, etc | Denis Calandra, |
| 260 ## - PUBLICATION, DISTRIBUTION, ETC. (IMPRINT) | |
| Place of publication, distribution, etc | USA : |
| Name of publisher, distributor, etc | Cliffs Notes, Inc., |
| Date of publication, distribution, etc | 1971 |
| 300 ## - PHYSICAL DESCRIPTION | |
| Pagination | 69 p. : |
| Dimensions | 19 cm. |
| 504 ## - BIBLIOGRAPHY, ETC. NOTE | |
| Bibliography, etc | Includes bibliography |
| 600 ## - SUBJECT ADDED ENTRY--PERSONAL NAME | |
| Personal name | Golding, William, |
| Dates associated with a name | 1911-1993 |
| 650 ## - SUBJECT ADDED ENTRY--TOPICAL TERM | |
| Topical term or geographic name as entry element | Lord of the flies (Golding, William) |
| 942 ## - ADDED ENTRY ELEMENTS (KOHA) | |
| Source of classification or shelving scheme | Dewey Decimal Classification |
| Koha item type | Books |
| Source of classification or shelving scheme | Damaged status | Not for loan | Home library | Current library | Shelving location | Date of accession | Cost, normal purchase price | Total Checkouts | Full call number | Barcode | Date last seen | Copy number | Koha item type |
|---|---|---|---|---|---|---|---|---|---|---|---|---|---|
| Dewey Decimal Classification | JCC Rouf Library | JCC Rouf Library | General Stacks | 04/26/2018 | 1.00 | 823 CAL 1971 | 13901 | 04/26/2018 | C-1 | Books | |||
| Dewey Decimal Classification | JCC Rouf Library | JCC Rouf Library | General Stacks | 04/26/2018 | 1.00 | 823 CAL 1971 | 13902 | 04/26/2018 | C-2 | Books | |||
| Dewey Decimal Classification | JCC Rouf Library | JCC Rouf Library | General Stacks | 04/26/2018 | 1.00 | 823 CAL 1971 | 13907 | 04/26/2018 | C-3 | Books | |||
| Dewey Decimal Classification | JCC Rouf Library | JCC Rouf Library | General Stacks | 04/26/2018 | 1.00 | 823 CAL 1971 | 13908 | 04/26/2018 | C-4 | Books | |||
| Dewey Decimal Classification | JCC Rouf Library | JCC Rouf Library | General Stacks | 04/26/2018 | 1.00 | 823 CAL 1971 | 13946 | 04/26/2018 | C-5 | Books | |||
| Dewey Decimal Classification | JCC Rouf Library | JCC Rouf Library | General Stacks | 04/26/2018 | 1.00 | 823 CAL 1971 | 13945 | 04/26/2018 | C-6 | Books | |||
| Dewey Decimal Classification | JCC Rouf Library | JCC Rouf Library | General Stacks | 04/26/2018 | 1.00 | 823 CAL 1971 | 13944 | 04/26/2018 | C-7 | Books | |||
| Dewey Decimal Classification | JCC Rouf Library | JCC Rouf Library | General Stacks | 04/30/2018 | 1.00 | 823 CAL 1971 | 14111 | 04/30/2018 | C-8 | Books |